Espacios de poder (Record no. 10663)

MARC details
000 -LEADER
campo de control de longitud fija 01179nmc a2200409 a 4500
003 - IDENTIFICADOR DE NÚMERO DE CONTROL
campo de control AR-BaBNM
005 - FECHA Y HORA DE LA ÚLTIMA TRANSACCIÓN
campo de control 20251128205251.0
008 - DATOS DE LONGITUD FIJA--INFORMACIÓN GENERAL
campo de control de longitud fija 057019s1991 ||||||||||||||000 | spa||
020 ## - NÚMERO INTERNACIONAL ESTÁNDAR DEL LIBRO
Número Internacional Estándar del Libro 84-7731-093-9
040 ## - FUENTE DE CATALOGACIÓN
Centro/agencia transcriptor AR-BaBNM
245 10 - MENCIÓN DEL TÍTULO
Título Espacios de poder
260 ## - PUBLICACIÓN, DISTRIBUCIÓN, ETC.
Lugar de publicación, distribución, etc. Madrid
Nombre del editor, distribuidor, etc. Las ediciones de La Piqueta
Fecha de publicación, distribución, etc. 1991
300 0# - DESCRIPCIÓN FÍSICA
Extensión 165 p.
490 #0 - MENCIÓN DE SERIE
Mención de serie Genealogía del poder
Designación de volumen o secuencia v. 6
500 0# - NOTA GENERAL
Nota general Contiene referencias bibliográficas en notas a pie de página
650 #4 - PUNTO DE ACCESO ADICIONAL DE MATERIA--TÉRMINO DE MATERIA
Término de materia o nombre geográfico como elemento de entrada PODER POLITICO
650 #4 - PUNTO DE ACCESO ADICIONAL DE MATERIA--TÉRMINO DE MATERIA
Término de materia o nombre geográfico como elemento de entrada CONTROL SOCIAL
650 #4 - PUNTO DE ACCESO ADICIONAL DE MATERIA--TÉRMINO DE MATERIA
Término de materia o nombre geográfico como elemento de entrada TRABAJADORES AGRICOLAS
650 #4 - PUNTO DE ACCESO ADICIONAL DE MATERIA--TÉRMINO DE MATERIA
Término de materia o nombre geográfico como elemento de entrada DIFERENCIACION SOCIAL
650 #4 - PUNTO DE ACCESO ADICIONAL DE MATERIA--TÉRMINO DE MATERIA
Término de materia o nombre geográfico como elemento de entrada CONDICIONES DE VIDA
650 #4 - PUNTO DE ACCESO ADICIONAL DE MATERIA--TÉRMINO DE MATERIA
Término de materia o nombre geográfico como elemento de entrada PODER ECONOMICO
650 #4 - PUNTO DE ACCESO ADICIONAL DE MATERIA--TÉRMINO DE MATERIA
Término de materia o nombre geográfico como elemento de entrada ESCOLARIDAD OBLIGATORIA
650 #4 - PUNTO DE ACCESO ADICIONAL DE MATERIA--TÉRMINO DE MATERIA
Término de materia o nombre geográfico como elemento de entrada EDUCACION ESPECIAL
650 #4 - PUNTO DE ACCESO ADICIONAL DE MATERIA--TÉRMINO DE MATERIA
Término de materia o nombre geográfico como elemento de entrada PSIQUIATRIA
653 #0 - TÉRMINO DE INDIZACIÓN--NO CONTROLADO
Término no controlado ENSENANZA AGRARIA
700 1# - ENTRADA AGREGADA--NOMBRE PERSONAL
Nombre de persona Castel, Robert
700 1# - ENTRADA AGREGADA--NOMBRE PERSONAL
Nombre de persona Donzelot, Jacques
700 1# - ENTRADA AGREGADA--NOMBRE PERSONAL
Nombre de persona Foucault, Michel
700 1# - ENTRADA AGREGADA--NOMBRE PERSONAL
Nombre de persona De Gaudemar, Jean-Paul
700 1# - ENTRADA AGREGADA--NOMBRE PERSONAL
Nombre de persona Grignon, Claude
700 1# - ENTRADA AGREGADA--NOMBRE PERSONAL
Nombre de persona Muel, Francine
700 1# - ENTRADA AGREGADA--NOMBRE PERSONAL
Nombre de persona Alvárez-Uría, Fernando
Término indicativo de función/relación traductor
800 1# - PUNTO DE ACCESO ADICIONAL DE SERIE--NOMBRE DE PERSONA
Nombre de persona Varela, Julia
Término indicativo de función/relación director
800 1# - PUNTO DE ACCESO ADICIONAL DE SERIE--NOMBRE DE PERSONA
Nombre de persona Alvárez-Uría, Fernando
Término indicativo de función/relación director
942 ## - ELEMENTOS DE ENTRADA SECUNDARIOS (KOHA)
Tipo de ítem Koha Libros
998 ## - INFORMACIÓN DE CONTROL LOCAL (RLIN)
Iniciales del catalogador, CIN (RLIN) silvi
Holdings
Estatus retirado Estado de pérdida Fuente de la clasificación o esquema de estantería Estado de daño Restricciones de uso No para préstamo Biblioteca de origen Biblioteca actual Fecha de adquisición Total de préstamos Signatura topográfica completa Código de barras Visto por última vez Precio de reemplazo Tipo de ítem Koha
    Clasificación Decimal Dewey   Acceso restringido No para préstamo Liberty Liberty 28/11/2025   316.3 CAST 120686 28/11/2025 28/11/2025 Libros
    Clasificación Decimal Dewey   Acceso restringido No para préstamo Liberty Liberty 28/11/2025   316.3 CAST 105937 28/11/2025 28/11/2025 Libros